000 02513cam a22006134i 4500
003 PE-LiUPU
005 20250731170428.0
008 190809s2015 sp a r 001 0 spa d
020 _a8471128039
020 _a9788471128034
035 _a(Sirsi) a252437
040 _aPE-LiUPU
_bspa
_cPE-LiUPU
_erda
049 _aPRUA
082 0 4 _a155.4
_bP52
_223
100 1 _aPiaget, Jean,
_eautor.
245 1 0 _aPsicología del niño /
_cJean Piaget y Bärbel Inhelder.
264 1 _aMadrid :
_bMorata,
_c2015.
300 _a160 páginas :
_bilustraciones ;
_c24 centímetros
336 _atext
_2rdacontent
337 _aunmediated
_2rdamedia
338 _avolume
_2rdacarrier
490 0 _aPsicología.
504 _aÍndice: páginas 133-160.
505 0 _aLa inteligencia sensorio-motriz -- La construcción de lo real -- El aspecto cognitivo de las reacciones sensorio -motrices -- El aspecto efectivo de las reacciones sensorio-motrices -- El desarrollo de las percepciones -- Los efectos de campo -- Las actividades perceptivas -- Percepciones, nociones y operaciones -- La función semiótica o simbólico -- El dibujo -- Las imágenes mentales -- la memoria y la estructura de los recuerdos-imágenes -- El lenguaje -- Las operaciones "concretas" del pensamiento y las relaciones interindividuales -- Los tres niveles del paso de la acción a la operación -- La génesis de las operaciones "concretas" -- La representaciones del universo, causalidad y azar -- Las interacciones sociales y afectivas -- Sentimientos y juicios morales.
526 _aSEG68
526 _aSEG70
526 _aSEG69
526 _aSEG67
526 _aSEG43
526 _aP144
526 _aP143
526 _aP131
526 _aP122
526 _aP120
526 _aP117
526 _aP112
526 _aP110
526 _aP106
526 _aP101
526 _aP80
526 _aP59
526 _aP54
526 _aP35
526 _aP33
526 _aP30
541 _g002-00001572;
650 0 4 _aNiños
_xPsicología.
_2embucm
_91899
700 1 _aInhelder, Bärbel,
_eautor.
910 _abgr
_bksl
_cksl
_d20190808
942 _2ddc
_cBOOK
994 _aC0
_bPEPRU
596 _a1
999 _a155.4 P52
_wDEWEY
_c31664
_i80515
_d31664
_e2019-10-14
_f2021-11-3
_g3
_lCCODEBUL1
_mBUL
_n1
_p23.97
_r0
_sY
_tBOOK
_u2019-8-9
_xSALUD
_zP33
_0COMPRA
_1FCOMPR3
_o.STAFF. Colección Ciencias de la Salud
980 _81
_gALBERTO SANCHEZ Responsable de Automatización